000 00729nab a2200229 u 4500
001 10389
003 HDC
007 cr bn ---aaaaa
008 210104c mydr|noo 0 a may d
040 _aHDC
245 0 _aIndonesia dairy demand grows
260 _a[No place] :
_bDairy News-Australia,
_c[No year]
336 _atext
_2rdacontent
337 _acomputer
_2rdamedia
338 _aonline resource
_2rdacarrier
650 _aAgriculture
_91238
650 _aDairy export
_910645
856 _zRequest full-text at [email protected]
942 _2lcc
942 _cNEWS
942 _kNWSO 000485
999 _c7712
_d7712